000 00539nam a2200217 a 4500
001 0001-2037
003 ELIB.Books
008 190705 2010 eng
020 _aKBTS
092 _a615
_bDan
100 _aDaunton-Fear, Andrew
245 _aHealing in the Early Church
260 _aIndia
_bAuthentic Press
_c2011
300 _a224
_c21.5 Cm
650 _aHealing
856 _nKBTS Library
_uKBTS Elib
942 _2ddc
_cBK
990 _a1
998 _aEnglishbooks.elf
_ccat
_e2019-07-05
999 _c12037
_d12037